00230nam a2200085Ia 4500008004100000082001600041100002000057245004500077300002200122230907s9999||||xx |||||||||||||| ||und|| a621.47bDUF aDuffie, John A. 0aSolar engineering of thermal processes / axxvi, 910 pages :